Manifestos on the future of food & seed /

Bibliographic Details
Other Authors: Shiva, Vandana
Format: Book
Language:English
Published: Cambridge, Mass. : South End Press, [2007]
Subjects:
Online Access:Table of contents only

MARC

Tag First Indicator Second Indicator Subfields
LEADER 00000pam a22000004a 4500
001 in00002336821
005 20151108051628.0
008 070625s2007 mau b 000 0 eng
010 |a  2007025404 
020 |a 9780896087774 (alk. paper) 
020 |a 0896087778 (alk. paper) 
035 |a (OCoLC)ocn145732895 
035 |a (OCoLC)145732895 
040 |a DLC  |c DLC  |d YDX  |d BAKER  |d YDXCP  |d BTCTA  |d UtOrBLW 
049 |a TXAM 
050 0 0 |a HD9000.6  |b .M35 2007 
082 0 0 |a 338.1/9  |2 22 
245 0 0 |a Manifestos on the future of food & seed /  |c edited by Vandana Shiva ; featuring essays by Carlo Petrini [and others]. 
264 1 |a Cambridge, Mass. :  |b South End Press,  |c [2007] 
264 4 |c ©2007 
300 |a 145 pages ;  |c 18 cm. 
336 |a text  |b txt  |2 rdacontent 
337 |a unmediated  |b n  |2 rdamedia 
338 |a volume  |b nc  |2 rdacarrier 
504 |a Includes bibliographical references. 
650 0 |a Food supply. 
650 0 |a Food industry and trade. 
650 0 |a Sustainable agriculture. 
700 1 |a Shiva, Vandana. 
856 4 1 |3 Table of contents only  |u http://www.loc.gov/catdir/toc/ecip0720/2007025404.html  |t 0 
938 |a Baker & Taylor  |b BKTY  |c 10.00  |d 7.50  |i 0896087778  |n 0007310745  |s active 
938 |a YBP Library Services  |b YANK  |n 2604005 
938 |a Baker and Taylor  |b BTCP  |n BK0007310745 
945 |a PromptCat  |b 265023 
946 |a west,stk 
947 |a A14836526471 
948 |a cataloged  |b h  |c 2007/11/14  |d c  |e achopde  |f 1:32:01 pm 
994 |a 92  |b TXA 
999 |a MARS 
999 f f |s ec6ace8b-83e0-39f0-af2a-74fba0370cbc  |i 85aa88af-25af-308c-b192-f68faf465bfb  |t 0 
952 f f |p normal  |a Texas A&M University  |b College Station  |c Sterling C. Evans Library  |d Evans: Library Stacks  |t 0  |e HD9000.6 .M35 2007  |h Library of Congress classification  |i unmediated -- volume  |m A14836526471 
998 f f |a HD9000.6 .M35 2007  |t 0  |l Evans: Library Stacks